Islamic art in Cairo : (Record no. 15102)
[ view plain ]
| 000 -LEADER | |
|---|---|
| fixed length control field | 01596cam a22003735i 4500 |
| 001 - CONTROL NUMBER | |
| control field | 12787518 |
| 003 - CONTROL NUMBER IDENTIFIER | |
| control field | EG-ScBUE |
| 005 - DATE AND TIME OF LATEST TRANSACTION | |
| control field | 20200128105132.0 |
| 008 - FIXED-LENGTH DATA ELEMENTS--GENERAL INFORMATION | |
| fixed length control field | 020311s2007 ua f f c 001 0 eng d |
| 020 ## - INTERNATIONAL STANDARD BOOK NUMBER | |
| International Standard Book Number | 9789774161193 |
| 035 ## - SYSTEM CONTROL NUMBER | |
| System control number | (DLC) 2002360706 |
| 040 ## - CATALOGING SOURCE | |
| Original cataloging agency | DLC |
| Language of cataloging | eng |
| Description conventions | rda |
| Transcribing agency | DLC |
| Modifying agency | DLC |
| -- | EG-ScBUE |
| 043 ## - GEOGRAPHIC AREA CODE | |
| Geographic area code | f-ua--- |
| 082 04 - DEWEY DECIMAL CLASSIFICATION NUMBER | |
| Classification number | 709.1749270962 |
| Item number | PRI |
| Edition number | 22 |
| 100 1# - MAIN ENTRY--PERSONAL NAME | |
| Personal name | Prisse d'Avennes, |
| Dates associated with a name | 1807-1879, |
| Relator term | author. |
| 9 (RLIN) | 23009 |
| 245 10 - TITLE STATEMENT | |
| Title | Islamic art in Cairo : |
| Remainder of title | from the seventh to the eighth centuries / |
| Statement of responsibility, etc | Prisse d'Avennes ; introduction by George T. Scanlon ; captions by Yasmeen Siddiqui. |
| 250 ## - EDITION STATEMENT | |
| Edition statement | First paperback edition. |
| 264 #1 - PUBLICATION, DISTRIBUTION, ETC. (IMPRINT) | |
| Place of publication, distribution, etc | Cairo : |
| Name of publisher, distributor, etc | A Zeitouna book ; |
| Place of publication, distribution, etc | Cairo ; |
| -- | New York : |
| Name of publisher, distributor, etc | The American University in Cairo Press : |
| Date of publication, distribution, etc | 2007. |
| 300 ## - PHYSICAL DESCRIPTION | |
| Extent | x, 228 pages : |
| Other physical details | illustrations (some color) ; |
| Dimensions | 25 cm |
| 336 ## - CONTENT TYPE | |
| Content type term | text |
| Content type code | txt |
| Source | rdacontent |
| 337 ## - MEDIA TYPE | |
| Media type term | unmediated |
| Media type code | n |
| Source | rdamedia |
| 338 ## - CARRIER TYPE | |
| Carrier type term | volume |
| Carrier type code | nc |
| Source | rdacarrier |
| 500 ## - GENERAL NOTE | |
| General note | "Dar el Kutub no. 13707/07"--T.p. verso. |
| 650 #7 - SUBJECT ADDED ENTRY--TOPICAL TERM | |
| Topical term or geographic name as entry element | Islamic art |
| Geographic subdivision | Egypt |
| -- | Cairo |
| Form subdivision | Pictorial works. |
| Source of heading or term | BUEsh |
| 9 (RLIN) | 23010 |
| 650 #7 - SUBJECT ADDED ENTRY--TOPICAL TERM | |
| Topical term or geographic name as entry element | Art |
| Geographic subdivision | Egypt |
| -- | Cairo |
| Form subdivision | Pictorial works. |
| Source of heading or term | BUEsh |
| 9 (RLIN) | 23011 |
| 650 #7 - SUBJECT ADDED ENTRY--TOPICAL TERM | |
| Topical term or geographic name as entry element | Islamic architecture |
| Geographic subdivision | Egypt |
| -- | Cairo |
| Form subdivision | Pictorial works. |
| Source of heading or term | BUEsh |
| 9 (RLIN) | 23012 |
| 650 #7 - SUBJECT ADDED ENTRY--TOPICAL TERM | |
| Topical term or geographic name as entry element | Islamic decoration and ornament |
| Form subdivision | Pictorial works. |
| Source of heading or term | BUEsh |
| 9 (RLIN) | 23013 |
| 650 #7 - SUBJECT ADDED ENTRY--TOPICAL TERM | |
| Topical term or geographic name as entry element | Islamic architecture |
| Geographic subdivision | Egypt |
| -- | Cairo |
| Form subdivision | Pictorial works. |
| Source of heading or term | BUEsh |
| 9 (RLIN) | 23012 |
| 651 ## - SUBJECT ADDED ENTRY--GEOGRAPHIC NAME | |
| Source of heading or term | BUEsh |
| 653 ## - INDEX TERM--UNCONTROLLED | |
| Resource For college | Generalities |
| -- | Engineering, Architecture |
| Arrived date list | April2011 |
| -- | February2019 |
| 700 1# - ADDED ENTRY--PERSONAL NAME | |
| Personal name | Scanlon, George T., |
| Relator term | author of introduction, etc. |
| 700 1# - ADDED ENTRY--PERSONAL NAME | |
| Personal name | Siddiqui, Yasmeen, |
| Relator term | writer of added text. |
| 942 ## - ADDED ENTRY ELEMENTS (KOHA) | |
| Source of classification or shelving scheme | Dewey Decimal Classification |
| Koha item type | Book - Borrowing |
| Withdrawn status | Lost status | Source of classification or shelving scheme | Damaged status | Not for loan | Collection code | Home library | Current library | Shelving location | Date acquired | Source of acquisition | Cost, normal purchase price | Serial Enumeration / chronology | Total Checkouts | Total Renewals | Full call number | Barcode | Date last seen | Date checked out | Koha item type | Cost, replacement price |
|---|---|---|---|---|---|---|---|---|---|---|---|---|---|---|---|---|---|---|---|---|
| Dewey Decimal Classification | Diwan | Central Library | Central Library | Second Floor | 14/04/2011 | Purchase | 150.00 | 124070 | 7 | 31 | 709.1749270962 PRI | 000023232 | 14/02/2026 | 30/11/2025 | Book - Borrowing | |||||
| Dewey Decimal Classification | AUC | Central Library | Central Library | Second Floor | 21/02/2019 | Purchase | 200.00 | 16583 | 1 | 709.1749270962 PRI | 000044297 | 15/07/2025 | 09/04/2025 | Book - Borrowing | 250.00 |